La solución de Israel para un mundo hambriento de Agua: (Registro nro. 20035)
[ vista simple ]
| 000 -CABECERA | |
|---|---|
| Campo de control | 00966nam a22002897a 4500 |
| 005 - FECHA Y HORA DE LA ULTIMA TRANSACCION | |
| Campo de control | 20200104041801.0 |
| 008 - ELEMENTOS DE LONGITUD FIJA—INFORMACION GENERAL | |
| Campo de control | 171220b2017 SP ||||| |||| 00| 0 spa d |
| 020 ## - ISBN | |
| ISBN | 9788494379048 |
| 040 ## - FUENTE DE CATALOGACIÓN | |
| Agencia catalogadora original | CO-BoIAVH |
| Agencia transcriptora | CO-BoIAVH |
| 041 ## - IDIOMA | |
| Código de idioma para texto/pista de sonido o título separado | Español |
| 044 ## - PAÍS DE PUBLICACIÓN | |
| País de publicación | España |
| 082 ## - NUMERO DE CLASIFICACION DECIMAL DEWEY | |
| Número de clasificación | 333.911 |
| Número del ítem | S57l |
| 100 1# - ASIENTO PRINCIPAL--NOMBRE PERSONAL | |
| Nombre personal | Siegel, Seth M. |
| 9 (RLIN) | 88044 |
| 245 2# - MENCION DE TITULO | |
| Título | La solución de Israel para un mundo hambriento de Agua: |
| Parte restante del título | hágase el Agua |
| 260 ## - PUBLICACION, DISTRIBUCION, ETC. (PIE DE IMPRENTA) | |
| Lugar de publicación, distribución, etc. | España: |
| Nombre del editor, distribuidor, etc. | Nagrela Editores, |
| Fecha de publicación, distribución, etc. | 2017. |
| 300 ## - DESCRIPCION FISICA | |
| Extensión | 267 páginas |
| Dimensiones | 24 x 16cm |
| 534 ## - NOTA DE VERSION ORIGINAL | |
| Título del original | Let there be Water. Israel¨s solution for a Water starved world |
| 650 16 - ASIENTO SECUNDARIO DE MATERIA - TERMINO TEMATICO | |
| Término temático o nombre geográfico como elemento de entrada | Recurso hidríco |
| Subdivisión general | Protección |
| Subdivisión geográfica | Israel |
| 9 (RLIN) | 88045 |
| 650 16 - ASIENTO SECUNDARIO DE MATERIA - TERMINO TEMATICO | |
| Término temático o nombre geográfico como elemento de entrada | Recursos naturales |
| Subdivisión general | Conservación |
| 9 (RLIN) | 88046 |
| 650 16 - ASIENTO SECUNDARIO DE MATERIA - TERMINO TEMATICO | |
| Término temático o nombre geográfico como elemento de entrada | Acueducto municipal |
| Subdivisión geográfica | Israel |
| 9 (RLIN) | 88047 |
| 650 16 - ASIENTO SECUNDARIO DE MATERIA - TERMINO TEMATICO | |
| Término temático o nombre geográfico como elemento de entrada | Desalinización |
| 9 (RLIN) | 88048 |
| 650 16 - ASIENTO SECUNDARIO DE MATERIA - TERMINO TEMATICO | |
| Término temático o nombre geográfico como elemento de entrada | Ciencia |
| 9 (RLIN) | 41 |
| 650 16 - ASIENTO SECUNDARIO DE MATERIA - TERMINO TEMATICO | |
| Término temático o nombre geográfico como elemento de entrada | Ingeniería |
| 9 (RLIN) | 6857 |
| 650 16 - ASIENTO SECUNDARIO DE MATERIA - TERMINO TEMATICO | |
| Término temático o nombre geográfico como elemento de entrada | Alquimia |
| 9 (RLIN) | 88051 |
| 650 16 - ASIENTO SECUNDARIO DE MATERIA - TERMINO TEMATICO | |
| Término temático o nombre geográfico como elemento de entrada | Residuos del Agua |
| Subdivisión general | Transformación |
| 9 (RLIN) | 88052 |
| 942 ## - ELEMENTOS ADICIONALES (KOHA) | |
| Sistema de clasificación | Dewey Decimal Classification |
| Tipo de ítem | Libro |
| Withdrawn status | Lost status | Sistema de Clasificación | Damaged status | No para préstamo | Colección | Ubicación Permanente | Ubicación actual | Fecha de adquisición | Total Checkouts | Número topográfico | Inventario / Código de Barras | Date last seen | Date checked out | Ejemplar | Price effective from | Forma de adquisición | Tipo de material |
|---|---|---|---|---|---|---|---|---|---|---|---|---|---|---|---|---|---|
| Dewey Decimal Classification | General | Bogotá | Bogotá | 20/12/2017 | 1 | LB-333.911 S57l | 043375 | 09/01/2018 | 20/12/2017 | Ej. 1 | 20/12/2017 | Donación | Libro |